000 03531nam0a2200445 4500
001 RU\NLR\BIBL_A\022598937
005 20260420051902.0
010 _a978-5-91137-523-2
_9300
021 _aRU
_bКН-П-25-035218
_9КН-П-25-3473
035 _a(NLR Aleph) 022598937
090 _a13681068
_c13681068
100 _a20250811d2024 k y0rusy50 ca
101 0 _arus
_aeng
102 _aRU
105 _aa z 110yy
181 0 _ai3
_baxxe
182 0 _an
200 1 _aИнновационные процессы обогащения и глубокой переработки редкометаллического и горнохимического сырья и комплексных руд цветных и черных металлов
_dInnovative processes of beneficiation and deep processing of rare metal and mining chemical raw materials and complex ores of non-ferrous and ferrous metals
_e(Плаксинские чтения - 2024), г. Апатиты, 23-27 сентября 2024 г.
_eматериалы международной конференции
_fОтделение наук о Земле Российской академии наук [и др.]
_gнаучные редакторы: академик РАН В. А. Чантурия [и др.]
_zeng
203 _aТекст
_bвизуальный
_cнепосредственный
210 _aАпатиты
_cФедеральный исследовательский центр "Кольский научный центр РАН"
_d2024
215 _a565 с.
_cил., цв. ил., табл.
_d21
300 _aНа обл. подзаг.: Международная конференция "Плаксинские чтения - 2024"
300 _aЧасть текста парал. на рус. и англ. яз.
300 _aНа тит. с.: К 300-летию РАН
320 _aБиблиогр. в конце ст.
510 1 _aInnovative processes of beneficiation and deep processing of rare metal and mining chemical raw materials and complex ores of non-ferrous and ferrous metals
_zeng
606 1 _aМинеральное сырье
_jСъезды, совещания и т.п
_xПереработка
_91674890
_3RU\NLR\AUTH\66743124
606 1 _aТехногенное сырье
_jСъезды, совещания и т.п
_92089554
_3RU\NLR\AUTH\661264859
606 1 _aРуды
_jСъезды, совещания и т.п
_xОбогащение
_91180338
_3RU\NLR\AUTH\66157222
606 1 _aРуды
_jСъезды, совещания и т.п
_xПереработка
_91538579
_3RU\NLR\AUTH\66971890
686 1 _aЛ20я431(0)
686 1 _aИ41,3я431(0)
702 1 _4340
_7ca
_8rus
_aЧантурия
_bВ. А.
_f1938-
_gВалентин Алексеевич
_927430
_3RU\NLR\AUTH\7744490
711 1 2 _a"Инновационные процессы обогащения и глубокой переработки редкометаллического и горнохимического сырья и комплексных руд цветных и черных металлов", международная конференция
_eАпатиты
_f2024
_92673413
_3RU\NLR\AUTH\880629753
712 0 2 _4557
_aРоссийская академия наук
_bОтделение наук о Земле
_9606128
_3RU\NLR\AUTH\8810052853
942 _cBOOK
980 _aNB